X Congreso argentino de ciencia y tecnología de alimentos : 1er simposio internacional de nuevas tecnologías, 18 al 20 de mayo de 2005, Mar del Plata : libro de resúmenes /

Guardado en:
Autores Corporativos: Congreso argentino de ciencia y tecnología de alimentos Mar del Plata), Simposio Internacional de Nuevas Tecnologías
Otros Autores: Asociación Argentina de Tecnólogos Alimentarios (AATA)
Formato: Libro
Idioma:Spanish
Publicado: Mar del Plata : AATA, 2005.
Materias:
Etiquetas: Agregar Etiqueta
Sin Etiquetas, Sea el primero en etiquetar este registro!
LEADER 01014nam a22002055a 4500
001 EIQ.libpla002224
008 070510s2005####ag############101#0#spa#d
005 20070510164648.0
245 1 0 |a X Congreso argentino de ciencia y tecnología de alimentos :  |b 1er simposio internacional de nuevas tecnologías, 18 al 20 de mayo de 2005, Mar del Plata : libro de resúmenes /  |c Asociación Argentina de Tecnólogos Alimentarios (AATA). 
260 |a Mar del Plata :  |b AATA,  |c 2005. 
300 |a ca. 220 p. ;  |c 28 cm. 
111 2 |a Congreso argentino de ciencia y tecnología de alimentos  |n (10º :  |d 2005 :  |c Mar del Plata) 
700 1 |a Asociación Argentina de Tecnólogos Alimentarios (AATA) 
711 2 |a Simposio Internacional de Nuevas Tecnologías  |n (1º :  |d 2005 :  |c Mar del Plata) 
650 4 |a Alimentos  |x Congresos. 
650 4 |a Tecnología de Alimentos  |x Congresos. 
650 4 |a Foods  |x Congresses. 
650 4 |a Food technology  |x Congresses. 
040 |a AR-BbSID  |b spa  |c AR-BbSID 
859 |a AR-BbSID  |b BIB. PLAPIQUI  |h 664  |i C 756  |p 5973